| 000 | 00432nam a22001457a 4500 | ||
|---|---|---|---|
| 020 | _a8131708462 | ||
| 082 | _a954.6 BEH | ||
| 100 | _aBehera, Navnita Chandha | ||
| 245 | _aDemystifying Kashmir | ||
| 260 |
_aNew Delhi _bPearson Education |
||
| 300 | _aix, 359 p. | ||
| 500 | _aIncludes index | ||
| 700 | _a1. Jammu and Kashmir (India)---International status 2. Jammu and Kashmir (India)---Politics andc government | ||
| 942 | _cBK | ||
| 999 |
_c13404 _d13404 |
||